Innovación y ciudadanía en la gestión territorial: El rol de los municipios. Resultados del Seminario realizado en Puyehue y Osorno - Chile Diciembre 2003
Uloženo v:
| Hlavní autoři: | , |
|---|---|
| Další autoři: | |
| Médium: | Kniha |
| Jazyk: | španělština |
| Vydáno: |
Santiago
Fundación Ford
2004
|
| Témata: | |
| Tagy: |
Přidat tag
Žádné tagy, Buďte první, kdo vytvoří štítek k tomuto záznamu!
|
MARC
| LEADER | 00000nam a2200000 a 4500 | ||
|---|---|---|---|
| 001 | UCH2296 | ||
| 003 | CL-VaPUC | ||
| 005 | 20231103091629.0 | ||
| 008 | 090604e20040500cl 1 spa d | ||
| 020 | |a 9567635110 | ||
| 082 | 0 | 4 | |a 338.98 |b MAZ |2 21 |
| 100 | 1 | |a Maza, Gonzalo de la |e author |9 621387 | |
| 700 | 1 | |a Fernández, Margarita |e author |9 621388 | |
| 700 | |a Navarro, Iván |e autor |9 621389 | ||
| 245 | 1 | 0 | |a Innovación y ciudadanía en la gestión territorial: El rol de los municipios. Resultados del Seminario realizado en Puyehue y Osorno - Chile Diciembre 2003 |
| 260 | |a Santiago |b Fundación Ford |c 2004 | ||
| 300 | |a 251 p | ||
| 583 | |a last modification |c 20190908 06:51:17 |k Rodrigo Vera | ||
| 650 | 0 | 0 | |a Desarrollo económico y social |9 256320 |
| 650 | 0 | 0 | |a Cambio social |9 256857 |
| 650 | 0 | 7 | |a CONDICIONES SOCIOECONOMICAS |2 CL-VaPUC |9 381421 |
| 650 | 0 | 7 | |a DESARROLLO URBANO |2 CL-VaPUC |9 621390 |
| 650 | 0 | 0 | |a Clases sociales |9 256858 |
| 650 | 0 | 7 | |a CLASE MEDIA |2 CL-VaPUC |9 255144 |
| 650 | 0 | 7 | |a POLITICA SOCIAL MUNICIPAL |2 CL-VaPUC |9 621391 |
| 650 | 0 | 0 | |a Municipalidades |9 255557 |
| 651 | 0 | |a Brasil |9 267393 | |
| 651 | 7 | |a CHILE |2 CL-VaPUC |9 621392 | |
| 651 | 0 | |a Colombia |9 256424 | |
| 651 | 0 | |a México |9 255269 | |
| 651 | 0 | |a Perú |9 256567 | |
| 942 | |c BK | ||
| 945 | |a dcastane |d 20090604 00:00:00 | ||
| 546 | |a En Español | ||
| 536 | |a Fundación Ford | ||
| 536 | |a Agencia de Cooperación Alemana GTZ | ||
| 518 | |p Innovación y ciudadanía en la gestión territorial, 1, Puyehue-Osorno, diciembre 2003 | ||
| 999 | |c 384436 |d 384434 | ||
| 952 | |0 0 |1 0 |4 0 |6 338_980000000000000_MAZ_2004 |7 0 |8 A |9 507143 |a BIBING |b BIBING |d 2020-01-23 |i 4557808 |o 338.98 MAZ 2004 |p 4557808 |r 2025-01-20 |w 2020-01-23 |y BK |k ING | ||